[Event "DEM U10w 2023"]
[Site "Willingen GER"]
[Date "2023.06.02"]
[Round "9"]
[White "Wieckowicz, Bui Havy"]
[Black "Englert, Ann"]
[Result "1/2-1/2"]
[Termination "normal"]
[Board "15"]
[WhiteElo "1065"]
[BlackElo "1328"]
[WhiteClock "00:55:10"]
[BlackClock "00:48:14"]
[PlyCount "49"]
[WhiteFideId "34639926"]
[BlackFideId "34606181"]
[EventCountry "GER"]
[EventRounds "11"]
[EventType "swiss"]
[EventDate "2023.05.27"]

1. e4 {[%clk 01:15:59]} c5 {[%clk 01:15:54]} {[%emt 00:00:07]} 2. Nf3 {[%clk
01:16:24]} {[%emt 00:00:05]} Nc6 {[%clk 01:16:13]} {[%emt 00:00:11]} 3. Nc3
{[%clk 01:16:44]} {[%emt 00:00:09]} g6 {[%clk 01:16:21]} {[%emt 00:00:23]} 4.
d4 {[%clk 01:16:31]} {[%emt 00:00:42]} cxd4 {[%clk 01:16:43]} {[%emt 00:00:07]}
5. Nxd4 {[%clk 01:16:33]} {[%emt 00:00:16]} Bg7 {[%clk 01:17:07]} {[%emt
00:00:19]} 6. Be3 {[%clk 01:16:29]} {[%emt 00:00:34]} Nf6 {[%clk 01:16:48]}
{[%emt 00:00:50]} 7. Bc4 {[%clk 01:16:29]} {[%emt 00:00:23]} O-O {[%clk
01:16:54]} {[%emt 00:00:31]} 8. h3 {[%clk 01:16:52]} {[%emt 00:00:06]} a6
{[%clk 01:16:07]} {[%emt 00:01:17]} 9. Bb3 {[%clk 01:17:12]} {[%emt 00:00:10]}
b5 {[%clk 01:16:15]} {[%emt 00:00:22]} 10. O-O {[%clk 01:17:21]} {[%emt
00:00:16]} Bb7 {[%clk 01:15:43]} {[%emt 00:01:07]} 11. f3 {[%clk 01:16:20]}
{[%emt 00:01:22]} b4 {[%clk 01:13:01]} {[%emt 00:03:22]} 12. Nd5 {[%clk
01:13:30]} {[%emt 00:03:19]} a5 {[%clk 01:12:57]} {[%emt 00:00:33]} 13. a4
{[%clk 01:11:40]} {[%emt 00:02:21]} e6 {[%clk 01:12:13]} {[%emt 00:01:14]} 14.
Nxf6+ {[%clk 01:09:47]} {[%emt 00:02:18]} Qxf6 {[%clk 01:10:30]} {[%emt
00:02:18]} 15. c3 {[%clk 01:09:31]} {[%emt 00:00:46]} Qe7 {[%clk 01:08:36]}
{[%emt 00:02:23]} 16. Qe2 {[%clk 01:04:09]} {[%emt 00:05:51]} Ba6 {[%clk
01:06:00]} {[%emt 00:03:08]} 17. Bc4 {[%clk 01:03:20]} {[%emt 00:01:08]} Bxc4
{[%clk 01:03:53]} {[%emt 00:02:47]} 18. Qxc4 {[%emt 00:00:19]} Rfc8 {[%clk
01:03:46]} {[%emt 00:00:34]} 19. Qe2 {[%clk 01:03:18]} {[%emt 00:00:46]} Nxd4
{[%clk 00:58:22]} {[%emt 00:05:55]} 20. cxd4 {[%clk 01:01:43]} {[%emt
00:02:01]} Re8 {[%clk 00:57:44]} {[%emt 00:01:12]} 21. Rac1 {[%clk 00:59:20]}
{[%emt 00:02:50]} d5 {[%clk 00:57:50]} {[%emt 00:00:27]} 22. e5 {[%clk
00:59:30]} {[%emt 00:00:19]} Qd7 {[%clk 00:56:17]} {[%emt 00:01:59]} 23. b3
{[%clk 00:58:00]} {[%emt 00:02:02]} Rec8 {[%clk 00:53:16]} {[%emt 00:03:34]}
24. Rfe1 {[%clk 00:55:31]} {[%emt 00:02:57]} Rxc1 {[%clk 00:48:14]} {[%emt
00:05:34]} 25. Rxc1 {[%clk 00:55:10]} {[%emt 00:00:49]} 1/2-1/2

[Event "DEM U10w 2023"]
[Site "Willingen GER"]
[Date "2023.06.02"]
[Round "9"]
[White "Klymenko, Mariia"]
[Black "Zietz, Leni"]
[Result "1-0"]
[Termination "normal"]
[Board "17"]
[WhiteElo "1039"]
[BlackElo "893"]
[WhiteClock "00:16:46"]
[BlackClock "00:48:44"]
[PlyCount "145"]
[WhiteFideId "34620621"]
[EventCountry "GER"]
[EventRounds "11"]
[EventType "swiss"]
[EventDate "2023.05.27"]

1. e4 {[%clk 01:15:58]} {[%emt 00:00:01]} c5 {[%clk 01:15:52]} {[%emt
00:00:08]} 2. Nc3 {[%clk 01:16:22]} {[%emt 00:00:06]} Nc6 {[%clk 01:16:04]}
{[%emt 00:00:19]} 3. f4 {[%clk 01:16:35]} {[%emt 00:00:16]} g6 {[%clk
01:16:11]} {[%emt 00:00:23]} 4. Nf3 {[%clk 01:16:44]} {[%emt 00:00:22]} Bg7
{[%clk 01:16:20]} {[%emt 00:00:20]} 5. Bb5 {[%clk 01:16:41]} {[%emt 00:00:33]}
Nf6 {[%clk 01:14:32]} {[%emt 00:02:18]} 6. O-O {[%clk 01:15:39]} {[%emt
00:01:31]} O-O {[%clk 01:14:40]} {[%emt 00:00:23]} 7. d3 {[%clk 01:15:02]}
{[%emt 00:01:07]} a6 {[%clk 01:13:44]} {[%emt 00:01:27]} 8. Bc4 {[%clk
01:12:43]} {[%emt 00:02:47]} d6 {[%clk 01:13:55]} {[%emt 00:00:21]} 9. Qe1
{[%clk 01:09:07]} {[%emt 00:04:05]} Be6 {[%clk 01:09:37]} {[%emt 00:04:49]} 10.
Bxe6 {[%clk 01:07:48]} {[%emt 00:01:48]} fxe6 {[%clk 01:09:35]} {[%emt
00:00:32]} 11. Qh4 {[%clk 01:06:00]} {[%emt 00:02:18]} Nd4 {[%clk 01:05:44]}
{[%emt 00:04:22]} 12. Bd2 {[%clk 00:56:00]} {[%emt 00:10:28]} Qb6 {[%clk
01:05:07]} {[%emt 00:01:09]} 13. b3 {[%clk 00:51:11]} {[%emt 00:05:19]} c4
{[%clk 01:03:55]} {[%emt 00:01:42]} 14. Kh1 {[%clk 00:48:34]} Nxc2 {[%clk
00:57:32]} {[%emt 00:10:00]} 15. Rac1 {[%emt 00:06:18]} Nd4 16. dxc4 {[%clk
00:46:38]} {[%emt 00:00:01]} Nxf3 {[%clk 00:49:37]} {[%emt 00:05:33]} 17. Rxf3
{[%clk 00:44:44]} {[%emt 00:02:22]} Qd4 {[%clk 00:45:40]} {[%emt 00:04:27]} 18.
Be3 {[%clk 00:41:59]} {[%emt 00:03:15]} Qd3 {[%clk 00:44:31]} {[%emt 00:01:40]}
19. Rh3 {[%clk 00:37:23]} {[%emt 00:05:06]} h6 {[%clk 00:43:24]} {[%emt
00:01:37]} 20. Qe1 {[%clk 00:20:06]} {[%emt 00:17:46]} Nxe4 {[%clk 00:41:39]}
{[%emt 00:02:16]} 21. Bb6 {[%clk 00:19:26]} {[%emt 00:01:03]} Qd2 {[%clk
00:41:24]} {[%emt 00:00:52]} 22. Nxe4 {[%clk 00:16:46]} {[%emt 00:03:09]} Qxe1+
{[%clk 00:41:15]} {[%emt 00:00:40]} 23. Rxe1 {[%clk 00:17:06]} {[%emt
00:00:10]} Rxf4 {[%clk 00:41:17]} {[%emt 00:00:29]} 24. Ng3 {[%clk 00:12:44]}
{[%emt 00:04:50]} e5 {[%clk 00:40:33]} {[%emt 00:01:16]} 25. Be3 {[%clk
00:11:52]} {[%emt 00:01:20]} Rf6 {[%clk 00:39:11]} {[%emt 00:01:52]} 26. Bxh6
{[%clk 00:11:57]} {[%emt 00:00:26]} e6 {[%clk 00:39:11]} {[%emt 00:00:30]} 27.
Bxg7 {[%clk 00:12:06]} {[%emt 00:00:20]} Kxg7 {[%clk 00:39:33]} {[%emt
00:00:08]} 28. Ne4 {[%clk 00:12:01]} {[%emt 00:00:33]} Rf4 {[%clk 00:39:37]}
{[%emt 00:00:25]} 29. Nxd6 {[%clk 00:12:10]} {[%emt 00:00:24]} Raf8 {[%clk
00:39:54]} {[%emt 00:00:10]} 30. g3 {[%clk 00:12:08]} {[%emt 00:00:35]} Rf1+
{[%clk 00:39:35]} {[%emt 00:00:50]} 31. Rxf1 {[%clk 00:12:31]} {[%emt
00:00:06]} Rxf1+ {[%clk 00:39:56]} {[%emt 00:00:10]} 32. Kg2 {[%clk 00:12:55]}
{[%emt 00:00:05]} Ra1 {[%clk 00:40:09]} {[%emt 00:00:17]} 33. a4 {[%clk
00:13:00]} {[%emt 00:00:25]} Rd1 {[%clk 00:40:15]} {[%emt 00:00:24]} 34. Nxb7
{[%clk 00:12:52]} {[%emt 00:00:38]} e4 {[%clk 00:40:33]} {[%emt 00:00:12]} 35.
Rh4 {[%clk 00:12:59]} {[%emt 00:00:22]} Re1 {[%clk 00:39:43]} {[%emt 00:01:21]}
36. Kf2 {[%clk 00:13:06]} {[%emt 00:00:23]} Rb1 {[%clk 00:39:58]} {[%emt
00:00:15]} 37. Rxe4 {[%clk 00:13:23]} {[%emt 00:00:13]} Rxb3 {[%clk 00:40:18]}
{[%emt 00:00:10]} 38. Nc5 {[%clk 00:12:55]} {[%emt 00:00:55]} Rb2+ {[%clk
00:40:24]} {[%emt 00:00:27]} 39. Ke3 {[%clk 00:13:03]} {[%emt 00:00:17]} Rb6
{[%clk 00:40:44]} {[%emt 00:00:15]} 40. Rxe6 {[%clk 00:12:52]} {[%emt
00:00:41]} Rb1 {[%clk 00:40:22]} {[%emt 00:00:34]} 41. Rxa6 {[%clk 00:13:11]}
{[%emt 00:00:28]} Re1+ {[%clk 00:40:13]} {[%emt 00:00:40]} 42. Kf4 {[%clk
00:12:47]} {[%emt 00:00:47]} Rf1+ {[%clk 00:40:39]} {[%emt 00:00:11]} 43. Ke5
{[%clk 00:12:30]} {[%emt 00:00:26]} Re1+ {[%clk 00:41:06]} {[%emt 00:00:25]}
44. Ne4 {[%clk 00:12:22]} {[%emt 00:00:37]} Re2 {[%clk 00:41:00]} {[%emt
00:00:34]} 45. h4 {[%clk 00:12:32]} {[%emt 00:00:18]} Rc2 {[%clk 00:41:09]}
{[%emt 00:00:25]} 46. c5 {[%clk 00:12:52]} {[%emt 00:00:10]} Rc4 {[%clk
00:41:16]} {[%emt 00:00:24]} 47. c6 {[%clk 00:13:00]} {[%emt 00:00:21]} Kf7
{[%clk 00:40:26]} {[%emt 00:01:19]} 48. Ra7+ {[%clk 00:12:38]} {[%emt
00:00:52]} Ke8 {[%clk 00:40:43]} {[%emt 00:00:14]} 49. c7 {[%clk 00:12:45]}
{[%emt 00:00:22]} Kd7 {[%clk 00:41:01]} {[%emt 00:00:13]} 50. Kd5 {[%clk
00:11:43]} {[%emt 00:01:30]} Rxc7 {[%clk 00:41:16]} {[%emt 00:00:17]} 51. Rxc7+
{[%clk 00:12:04]} {[%emt 00:00:08]} Kxc7 {[%clk 00:41:44]} {[%emt 00:00:02]}
52. Ke6 {[%clk 00:12:23]} {[%emt 00:00:11]} Kc6 {[%clk 00:41:33]} {[%emt
00:00:42]} 53. Kf6 {[%clk 00:12:19]} {[%emt 00:00:34]} Kd5 {[%clk 00:41:54]}
{[%emt 00:00:10]} 54. a5 {[%clk 00:12:01]} {[%emt 00:00:47]} Kc6 {[%clk
00:42:15]} {[%emt 00:00:10]} 55. a6 {[%clk 00:12:20]} {[%emt 00:00:11]} Kc7
{[%clk 00:42:29]} {[%emt 00:00:16]} 56. Kxg6 {[%clk 00:12:26]} {[%emt
00:00:24]} Kb6 {[%clk 00:42:53]} {[%emt 00:00:07]} 57. h5 {[%clk 00:12:49]}
{[%emt 00:00:06]} Kxa6 {[%clk 00:43:19]} {[%emt 00:00:04]} 58. h6 {[%clk
00:13:13]} {[%emt 00:00:06]} Kb5 {[%clk 00:43:44]} {[%emt 00:00:06]} 59. h7
{[%clk 00:13:37]} {[%emt 00:00:05]} Kc4 {[%clk 00:43:52]} {[%emt 00:00:13]} 60.
h8=Q {[%clk 00:14:07]} Kd5 {[%clk 00:44:13]} {[%emt 00:00:19]} 61. Qh5+ {[%clk
00:13:40]} {[%emt 00:00:53]} Kxe4 {[%clk 00:44:18]} {[%emt 00:00:29]} 62. Kf6
{[%clk 00:13:50]} {[%emt 00:00:19]} Kd4 {[%clk 00:44:43]} {[%emt 00:00:05]} 63.
g4 {[%clk 00:14:08]} {[%emt 00:00:11]} Ke4 {[%clk 00:45:08]} {[%emt 00:00:06]}
64. Qe5+ {[%clk 00:14:22]} {[%emt 00:00:14]} Kf3 {[%clk 00:45:33]} {[%emt
00:00:06]} 65. Qd4 {[%clk 00:14:24]} {[%emt 00:00:28]} Ke2 {[%clk 00:45:52]}
{[%emt 00:00:12]} 66. Qc3 {[%clk 00:14:47]} {[%emt 00:00:07]} Kf2 {[%clk
00:46:17]} {[%emt 00:00:05]} 67. g5 {[%clk 00:15:09]} {[%emt 00:00:08]} Ke2
{[%clk 00:46:41]} {[%emt 00:00:06]} 68. g6 {[%clk 00:15:33]} {[%emt 00:00:05]}
Kf2 {[%clk 00:47:07]} {[%emt 00:00:05]} 69. g7 {[%clk 00:15:58]} {[%emt
00:00:05]} Ke2 {[%clk 00:47:30]} {[%emt 00:00:08]} 70. g8=Q {[%clk 00:16:19]}
{[%emt 00:00:09]} Kf2 {[%clk 00:47:56]} {[%emt 00:00:04]} 71. Qgg3+ {[%clk
00:16:39]} {[%emt 00:00:10]} Ke2 {[%clk 00:48:22]} {[%emt 00:00:04]} 72. Qg2+
{[%clk 00:16:55]} {[%emt 00:00:12]} Kd1 {[%clk 00:48:44]} {[%emt 00:00:10]} 73.
Qa1# {[%clk 00:16:46]} {[%emt 00:00:08]} 1-0

[Event "DEM U10w 2023"]
[Site "Willingen GER"]
[Date "2023.06.02"]
[Round "9"]
[White "Börner, Martha"]
[Black "Döscher, Nayla"]
[Result "0-1"]
[Termination "normal"]
[Board "18"]
[WhiteElo "1086"]
[BlackElo "1111"]
[WhiteClock "00:46:18"]
[BlackClock "00:29:19"]
[PlyCount "178"]
[WhiteFideId "34665382"]
[BlackFideId "34625046"]
[EventCountry "GER"]
[EventRounds "11"]
[EventType "swiss"]
[EventDate "2023.05.27"]

1. e4 {[%clk 01:15:56]} {[%emt 00:00:02]} e5 {[%clk 01:15:53]} {[%emt
00:00:08]} 2. Nf3 {[%clk 01:16:17]} {[%emt 00:00:08]} Nc6 {[%clk 01:16:15]}
{[%emt 00:00:09]} 3. Bb5 {[%clk 01:16:37]} {[%emt 00:00:09]} Nf6 {[%clk
01:15:31]} {[%emt 00:01:15]} 4. Nc3 {[%clk 01:16:02]} {[%emt 00:01:04]} Bb4
{[%clk 01:14:10]} {[%emt 00:01:52]} 5. Bxc6 {[%clk 01:15:48]} {[%emt 00:00:43]}
bxc6 {[%clk 01:13:24]} {[%emt 00:01:17]} 6. Nxe5 {[%clk 01:11:41]} {[%emt
00:04:37]} Bxc3 {[%clk 01:12:15]} {[%emt 00:01:39]} 7. dxc3 {[%clk 01:11:20]}
{[%emt 00:00:49]} Qe7 {[%clk 01:12:03]} {[%emt 00:00:44]} 8. Bf4 {[%clk
01:10:13]} {[%emt 00:01:36]} d6 {[%clk 01:12:03]} {[%emt 00:00:32]} 9. Nf3
{[%clk 01:09:43]} {[%emt 00:00:58]} Qxe4+ {[%clk 01:09:06]} {[%emt 00:03:28]}
10. Be3 {[%clk 01:09:10]} {[%emt 00:01:02]} O-O {[%clk 01:08:13]} {[%emt
00:01:25]} 11. O-O {[%clk 01:09:00]} {[%emt 00:00:40]} Bg4 {[%clk 01:07:25]}
{[%emt 00:01:19]} 12. Kh1 {[%clk 01:06:10]} {[%emt 00:03:19]} Nd7 {[%clk
01:04:49]} {[%emt 00:03:07]} 13. Ng5 {[%clk 01:03:58]} {[%emt 00:02:41]} Bxd1
{[%clk 01:03:00]} {[%emt 00:02:19]} 14. Nxe4 {[%clk 01:03:29]} {[%emt
00:00:58]} Bxc2 {[%clk 01:03:15]} {[%emt 00:00:15]} 15. Ng3 {[%clk 01:01:50]}
{[%emt 00:02:07]} Rab8 {[%clk 00:58:39]} {[%emt 00:05:09]} 16. b3 {[%clk
01:01:23]} {[%emt 00:00:46]} c5 {[%clk 00:58:06]} {[%emt 00:01:15]} 17. c4
{[%clk 01:00:57]} {[%emt 00:00:54]} Rfe8 {[%clk 00:57:28]} {[%emt 00:01:08]}
18. Rac1 {[%clk 00:59:31]} {[%emt 00:01:55]} Bg6 {[%clk 00:56:48]} {[%emt
00:01:05]} 19. h3 {[%clk 00:55:58]} {[%emt 00:04:08]} Nf6 {[%clk 00:54:28]}
{[%emt 00:02:48]} 20. Ne2 {[%emt 00:02:04]} Bd3 {[%clk 00:52:14]} {[%emt
00:02:38]} 21. Rfe1 {[%emt 00:00:43]} h6 {[%clk 00:48:00]} {[%emt 00:04:40]}
22. Nf4 {[%clk 00:54:19]} {[%emt 00:00:34]} Bf5 {[%clk 00:45:18]} {[%emt
00:03:01]} 23. Nd5 {[%clk 00:51:25]} {[%emt 00:03:36]} Nxd5 {[%clk 00:43:59]}
{[%emt 00:01:49]} 24. cxd5 {[%clk 00:51:41]} {[%emt 00:00:14]} Be4 {[%clk
00:43:21]} {[%emt 00:01:05]} 25. Red1 {[%clk 00:51:22]} {[%emt 00:00:52]} Re5
{[%clk 00:42:29]} {[%emt 00:01:18]} 26. Rd2 {[%clk 00:47:01]} {[%emt 00:04:57]}
Rxd5 {[%clk 00:41:22]} {[%emt 00:01:35]} 27. Rc4 {[%clk 00:46:30]} {[%emt
00:00:58]} Rxd2 {[%clk 00:38:35]} {[%emt 00:03:18]} 28. Bxd2 {[%clk 00:46:10]}
{[%emt 00:00:51]} Bb1 {[%clk 00:38:23]} {[%emt 00:00:43]} 29. Rg4 {[%clk
00:45:20]} {[%emt 00:01:17]} Kf8 {[%clk 00:36:17]} {[%emt 00:02:38]} 30. Ra4
{[%clk 00:44:30]} {[%emt 00:01:22]} Re8 {[%clk 00:33:21]} {[%emt 00:03:15]} 31.
Rxa7 {[%clk 00:44:23]} {[%emt 00:00:46]} Re2 {[%clk 00:33:30]} {[%emt
00:00:20]} 32. Be3 {[%clk 00:44:18]} {[%emt 00:00:34]} Bxa2 {[%clk 00:33:36]}
{[%emt 00:00:28]} 33. Rxc7 {[%clk 00:44:30]} {[%emt 00:00:16]} Bxb3 {[%clk
00:33:51]} {[%emt 00:00:15]} 34. Rc6 {[%clk 00:44:44]} {[%emt 00:00:14]} c4
{[%clk 00:32:50]} {[%emt 00:01:35]} 35. Kg1 {[%clk 00:44:10]} {[%emt 00:01:00]}
Re1+ {[%clk 00:32:54]} {[%emt 00:00:29]} 36. Kh2 {[%clk 00:44:10]} {[%emt
00:00:27]} Ke7 {[%clk 00:32:41]} {[%emt 00:00:46]} 37. Bf4 {[%clk 00:44:03]}
{[%emt 00:00:34]} Re6 {[%clk 00:31:29]} {[%emt 00:01:35]} 38. Rc7+ {[%clk
00:43:50]} {[%emt 00:00:51]} Kf6 {[%clk 00:31:37]} {[%emt 00:00:24]} 39. Rd7
{[%clk 00:44:05]} {[%emt 00:00:14]} c3 {[%clk 00:31:13]} {[%emt 00:00:56]} 40.
Bxd6 {[%clk 00:43:53]} {[%emt 00:00:40]} c2 {[%clk 00:31:11]} {[%emt 00:00:33]}
41. Bf4 {[%clk 00:44:08]} {[%emt 00:00:11]} Rc6 {[%clk 00:30:21]} {[%emt
00:01:21]} 42. Rd3 {[%clk 00:42:59]} {[%emt 00:01:42]} Be6 {[%clk 00:29:36]}
{[%emt 00:01:14]} 43. Bc1 {[%clk 00:43:04]} {[%emt 00:00:24]} Bf5 {[%clk
00:26:58]} {[%emt 00:03:10]} 44. Rf3 {[%emt 00:00:28]} Ke5 {[%clk 00:23:59]}
{[%emt 00:03:26]} 45. Re3+ {[%clk 00:42:54]} {[%emt 00:00:44]} Kd4 {[%clk
00:24:06]} {[%emt 00:00:25]} 46. Re1 {[%clk 00:43:14]} {[%emt 00:00:09]} Re6
{[%clk 00:23:28]} {[%emt 00:01:10]} 47. Bb2+ {[%clk 00:42:52]} {[%emt
00:00:50]} Kd3 {[%clk 00:23:14]} {[%emt 00:00:44]} 48. Rc1 {[%clk 00:41:50]}
{[%emt 00:01:29]} Kd2 {[%clk 00:20:38]} {[%emt 00:03:10]} 49. Kg3 {[%clk
00:42:00]} {[%emt 00:00:17]} Re1 {[%clk 00:20:46]} {[%emt 00:00:25]} 50. Rxe1
{[%clk 00:40:54]} {[%emt 00:01:36]} Kxe1 {[%clk 00:21:09]} {[%emt 00:00:07]}
51. Kf4 {[%clk 00:41:01]} {[%emt 00:00:18]} Bg6 {[%clk 00:21:26]} {[%emt
00:00:18]} 52. f3 {[%clk 00:40:41]} {[%emt 00:00:50]} Kd1 {[%clk 00:21:38]}
{[%emt 00:00:17]} 53. g4 {[%clk 00:39:58]} {[%emt 00:01:12]} c1=Q+ {[%clk
00:21:53]} {[%emt 00:00:16]} 54. Bxc1 {[%clk 00:40:16]} {[%emt 00:00:12]} Kxc1
{[%clk 00:22:17]} {[%emt 00:00:06]} 55. h4 {[%clk 00:40:36]} {[%emt 00:00:09]}
h5 {[%clk 00:22:08]} {[%emt 00:00:40]} 56. Kg5 {[%clk 00:38:56]} {[%emt
00:02:08]} hxg4 {[%clk 00:22:06]} {[%emt 00:00:34]} 57. fxg4 {[%clk 00:38:35]}
{[%emt 00:00:50]} Kd2 {[%clk 00:22:06]} {[%emt 00:00:30]} 58. h5 {[%clk
00:38:51]} {[%emt 00:00:11]} Bh7 {[%clk 00:22:23]} {[%emt 00:00:16]} 59. Kf4
{[%clk 00:39:08]} {[%emt 00:00:12]} Kd3 {[%clk 00:22:34]} {[%emt 00:00:20]} 60.
g5 {[%clk 00:39:20]} {[%emt 00:00:17]} g6 {[%clk 00:21:52]} {[%emt 00:01:12]}
61. h6 {[%clk 00:39:02]} {[%emt 00:00:46]} Kd4 {[%clk 00:22:09]} {[%emt
00:00:16]} 62. Kg4 {[%clk 00:38:56]} {[%emt 00:00:33]} Ke5 {[%clk 00:22:34]}
{[%emt 00:00:08]} 63. Kg3 {[%clk 00:38:53]} {[%emt 00:00:31]} Kf5 {[%clk
00:22:49]} {[%emt 00:00:17]} 64. Kh4 {[%clk 00:39:12]} {[%emt 00:00:09]} Kf4
{[%clk 00:23:11]} {[%emt 00:00:09]} 65. Kh3 {[%clk 00:38:48]} {[%emt 00:00:54]}
Kxg5 {[%clk 00:23:38]} {[%emt 00:00:04]} 66. Kg3 {[%clk 00:39:00]} {[%emt
00:00:17]} Kxh6 {[%clk 00:23:59]} {[%emt 00:00:09]} 67. Kf4 {[%clk 00:39:21]}
{[%emt 00:00:08]} f5 {[%clk 00:24:15]} {[%emt 00:00:15]} 68. Kg3 {[%clk
00:39:41]} {[%emt 00:00:09]} Kh5 {[%clk 00:24:33]} {[%emt 00:00:12]} 69. Kf4
{[%clk 00:40:02]} {[%emt 00:00:09]} Kh4 {[%clk 00:24:38]} {[%emt 00:00:26]} 70.
Kf3 {[%clk 00:40:21]} {[%emt 00:00:10]} Kh3 {[%clk 00:24:56]} {[%emt 00:00:12]}
71. Kf4 {[%clk 00:40:45]} {[%emt 00:00:06]} Bg8 {[%clk 00:24:50]} {[%emt
00:00:37]} 72. Kf3 {[%clk 00:41:07]} {[%emt 00:00:07]} g5 {[%clk 00:25:12]}
{[%emt 00:00:09]} 73. Kf2 {[%clk 00:41:30]} {[%emt 00:00:06]} Kh2 {[%clk
00:25:23]} {[%emt 00:00:19]} 74. Kf3 {[%clk 00:41:52]} {[%emt 00:00:06]} f4
{[%clk 00:25:37]} {[%emt 00:00:19]} 75. Kg4 {[%clk 00:41:53]} {[%emt 00:00:27]}
Be6+ {[%clk 00:25:51]} {[%emt 00:00:18]} 76. Kf3 {[%clk 00:42:11]} {[%emt
00:00:09]} g4+ {[%clk 00:26:06]} {[%emt 00:00:18]} 77. Kxf4 {[%clk 00:42:31]}
{[%emt 00:00:08]} g3 {[%clk 00:26:30]} {[%emt 00:00:07]} 78. Ke5 {[%clk
00:42:54]} {[%emt 00:00:07]} g2 {[%clk 00:26:53]} {[%emt 00:00:08]} 79. Kxe6
{[%clk 00:43:17]} {[%emt 00:00:07]} g1=Q {[%clk 00:27:15]} {[%emt 00:00:07]}
80. Ke5 {[%clk 00:43:41]} {[%emt 00:00:07]} Qg6 {[%clk 00:27:22]} {[%emt
00:00:23]} 81. Kf4 {[%clk 00:43:53]} {[%emt 00:00:17]} Qh5 {[%clk 00:27:25]}
{[%emt 00:00:27]} 82. Ke3 {[%clk 00:44:12]} {[%emt 00:00:10]} Qg4 {[%clk
00:27:49]} {[%emt 00:00:08]} 83. Kf2 {[%clk 00:44:31]} {[%emt 00:00:08]} Qg3+
{[%clk 00:28:08]} {[%emt 00:00:14]} 84. Ke2 {[%clk 00:44:47]} {[%emt 00:00:13]}
Qc3 {[%clk 00:28:20]} {[%emt 00:00:19]} 85. Kf2 {[%clk 00:45:06]} {[%emt
00:00:10]} Qd3 {[%clk 00:28:19]} {[%emt 00:00:31]} 86. Ke1 {[%clk 00:45:16]}
{[%emt 00:00:19]} Qc2 {[%clk 00:28:31]} {[%emt 00:00:19]} 87. Kf1 {[%clk
00:45:35]} {[%emt 00:00:10]} Kg3 {[%clk 00:28:42]} {[%emt 00:00:20]} 88. Ke1
{[%clk 00:45:55]} {[%emt 00:00:07]} Kf3 {[%clk 00:28:58]} {[%emt 00:00:17]} 89.
Kf1 {[%clk 00:46:18]} {[%emt 00:00:06]} Qf2# {[%clk 00:29:19]} {[%emt
00:00:08]} 0-1

[Event "DEM U10w 2023"]
[Site "Willingen GER"]
[Date "2023.06.02"]
[Round "9"]
[White "Buntin, Amelia Bernadette"]
[Black "Eßers, Mathilda Marie"]
[Result "1/2-1/2"]
[Termination "normal"]
[Board "20"]
[WhiteElo "737"]
[BlackElo "755"]
[WhiteClock "01:16:04"]
[BlackClock "01:16:22"]
[PlyCount "51"]
[WhiteFideId "34649581"]
[BlackFideId "34684093"]
[EventCountry "GER"]
[EventRounds "11"]
[EventType "swiss"]
[EventDate "2023.05.27"]

1. e4 {[%clk 01:15:58]} {[%emt 00:00:01]} c5 {[%clk 01:15:57]} {[%emt
00:00:03]} 2. Nc3 {[%clk 01:16:14]} {[%emt 00:00:14]} e6 {[%clk 01:16:24]}
{[%emt 00:00:03]} 3. Nge2 {[%clk 01:16:31]} {[%emt 00:00:13]} Nc6 {[%clk
01:16:39]} {[%emt 00:00:15]} 4. g3 {[%clk 01:16:52]} {[%emt 00:00:09]} d6
{[%clk 01:16:52]} {[%emt 00:00:17]} 5. Bg2 {[%clk 01:17:10]} {[%emt 00:00:11]}
Nf6 {[%clk 01:17:09]} {[%emt 00:00:12]} 6. O-O {[%clk 01:17:28]} {[%emt
00:00:13]} g6 {[%clk 01:17:35]} {[%emt 00:00:05]} 7. d3 {[%clk 01:17:49]}
{[%emt 00:00:08]} Bg7 {[%clk 01:17:57]} {[%emt 00:00:08]} 8. h3 {[%clk
01:18:07]} {[%emt 00:00:12]} O-O {[%clk 01:18:13]} {[%emt 00:00:15]} 9. Be3
{[%clk 01:18:22]} {[%emt 00:00:11]} Bd7 {[%clk 01:18:10]} {[%emt 00:00:36]} 10.
Qd2 {[%clk 01:18:42]} {[%emt 00:00:11]} Qc7 {[%clk 01:18:16]} {[%emt 00:00:21]}
11. Bh6 {[%clk 01:18:38]} {[%emt 00:00:36]} Bxh6 {[%clk 01:18:28]} {[%emt
00:00:17]} 12. Qxh6 {[%clk 01:18:58]} {[%emt 00:00:11]} Kh8 {[%clk 01:18:52]}
{[%emt 00:00:07]} 13. Rfe1 {[%clk 01:19:12]} {[%emt 00:00:17]} Ng8 {[%clk
01:19:12]} {[%emt 00:00:09]} 14. Qg5 {[%clk 01:18:10]} {[%emt 00:01:32]} f6
{[%clk 01:17:31]} {[%emt 00:02:10]} 15. Qe3 {[%clk 01:18:13]} {[%emt 00:00:28]}
Rac8 {[%clk 01:17:43]} {[%emt 00:00:17]} 16. Rad1 {[%emt 00:00:54]} Rfd8 {[%clk
01:17:42]} {[%emt 00:00:22]} 17. Nb5 {[%clk 01:18:10]} {[%emt 00:00:19]} Qb8
{[%clk 01:17:29]} {[%emt 00:00:28]} 18. d4 {[%clk 01:18:11]} {[%emt 00:00:43]}
cxd4 {[%clk 01:17:21]} {[%emt 00:00:37]} 19. Nexd4 {[%clk 01:18:20]} {[%emt
00:00:18]} Nxd4 {[%clk 01:17:36]} {[%emt 00:00:18]} 20. Qxd4 {[%clk 01:18:38]}
{[%emt 00:00:12]} Bxb5 {[%clk 01:17:36]} {[%emt 00:00:29]} 21. Bf1 {[%clk
01:18:05]} {[%emt 00:01:04]} Bxf1 {[%clk 01:17:33]} {[%emt 00:00:32]} 22. Rxf1
{[%clk 01:18:20]} {[%emt 00:00:17]} Rxc2 {[%clk 01:17:21]} {[%emt 00:00:34]}
23. f4 {[%clk 01:18:41]} {[%emt 00:00:16]} d5 {[%clk 01:17:29]} {[%emt
00:00:23]} 24. f5 {[%clk 01:18:21]} {[%emt 00:00:50]} gxf5 {[%clk 01:16:22]}
{[%emt 00:01:36]} 25. exf5 {[%emt 00:01:14]} exf5 {[%emt 00:00:14]} 26. Rxf5
{[%clk 01:16:04]} {[%emt 00:00:34]} 1/2-1/2